| 000 | 01359nam0a2200373 4500 | ||
|---|---|---|---|
| 001 | RU\NLR\bibl\126028 | ||
| 005 | 20250617103022.0 | ||
| 021 |
_aRU _b2000-39636 _91823 |
||
| 035 | _a(NLR Aleph) 000123448 | ||
| 090 |
_a703550 _c703550 |
||
| 100 | _a20001204d1997 |||y0rusy50 ca | ||
| 101 | 0 | _arus | |
| 102 | _aRU | ||
| 105 | _ay ||||||||| | ||
| 200 | 1 |
_aАвторитет учителя и процесс его становления _fАндриади И.П. _gМ-во общ. и проф. образования Рос. Федерации, Моск. пед. гос. ун-т |
|
| 210 |
_aМ. _cМПГУ _d1997 |
||
| 215 |
_a206 с. _d21 |
||
| 320 | _aБиблиогр.: с. 185-201 (353 назв.) | ||
| 606 | 0 |
_aУчителя _xАвторитет _91878502 _3RU\NLR\auth\661144014 |
|
| 606 | 0 |
_aУчителя _xПедагогическое мастерство _91414979 _3RU\NLR\auth\66596607 |
|
| 610 | 0 | _aАвторитет | |
| 610 | 0 | _aПедагогическая культура | |
| 675 |
_a371.12.013.21 _v3 _zrus |
||
| 686 |
_a14 _2rugasnti |
||
| 686 |
_a74.00 _2rubbk |
||
| 686 | _aЧ421.421 | ||
| 700 | 1 |
_aАндриади _bИ. П. _4070 |
|
| 801 | 0 |
_aRU _bRKP _c20001204 _gPSBO |
|
| 801 | 1 |
_aRU _bRKP _c20001204 |
|
| 801 | 2 |
_aRU _bNLR _c20010129 _grcr |
|
| 852 |
_aNLR _j2000-3/17697 |
||
| 942 | _cBOOK | ||
| 980 | _aNB | ||